00521nam a2200157Ia 4500008004100000040001700041041001200058082001700070100002400087245003600111260004700147300001100194942000700205952013400212999001700346230917s9999||||xx |||||||||||||| ||und|| e128925aMAIN aEnglish a813.09 W123C aWagenknecht, Edward 0aCavalcade of the American novel aNew YorkbHolt, Rinehart and Winstonc1965 a572 p. cBK 0010406813_090000000000000_W123C70966334aMAINbMAINd2010-01-30l0o813.09 W123Cp10042r2023-09-17 20:39:22w2023-09-17yBK c35109d35109